03602cam a2200481 a 45000010005000000030008000050050017000130080041000300200021000710350018000920400042001100410008001520820026001601000051001862450066002372600067003033000025003705000081003955000020004765050162004966500028006586500045006867100053007317400025007847400023008099420012008329990015008449520151008599520148010109520149011589520148013079520148014559520148016039520148017519520148018999520148020479520150021959520155023459520155025009520155026559520155028109520155029656652BD-RjUL20211208234303.0160620r19701951enka 001 0 eng d a0192145533 (v.1) a(BD-RjUL)6693 aDLCcMSCdSERdm.cdEQOdBD-RjULbeng aeng00a338.91bMET 1954-19701 aMeade, J. E.q(James Edward),d1907-19959641614aThe theory of international economic policy /cby J.E. Meade. aLondon :bOxford University Press,c1951 [reprinted 1952-1970] aV. :bill. ;c23 cm. a"Issued under the auspices of the Royal Institute of International Affairs." aIncludes index.0 av. 1. The balance of payments -- The balance of payments : mathematical supplement -- v. 2. Trade and welfare -- Trade and welfare : mathematical supplement. 0aEconomic policy.920908 0aInternational economic relations.9209092 aRoyal Institute of International Affairs.9209100 aBalance of payments.0 aTrade and welfare. 2ddccBK c6652d6652 00102ddc40718NFICaRUCLbRUCLcReadingd1977-05-14eHeffers and Sons.g2.50l0o338.91 MET V-1 1956 r2014-01-11 00:00:00tC-1w2021-12-08yBK 00102ddc40708NFICaRUCLbRUCLcStackd1977-05-14eHeffers and Sons.g2.50l0o338.91 MET V-1 1954r2016-06-20 00:00:00tC-2w2016-06-20yBK 00102ddc40708NFICaRUCLbRUCLcStackd1977-05-14eHeffers and Sons.g2.50l0o338.91 MET V-1 1966r2016-06-20 00:00:00tC-3 w2021-12-08yBK 00102ddc40708NFICaRUCLbRUCLcStackd1977-05-14eHeffers and Sons.g2.50l0o338.91 MET V-1 1970r2016-06-20 00:00:00tC-4w2016-06-20yBK 00102ddc40708NFICaRUCLbRUCLcStackd1977-05-14eHeffers and Sons.g2.50l0o338.91 MET V-1 1970r2016-06-20 00:00:00tC-5w2016-06-20yBK 00102ddc40708NFICaRUCLbRUCLcStackd1977-05-14eHeffers and Sons.g2.50l0o338.91 MET V-1 1970r2016-06-20 00:00:00tC-6w2016-06-20yBK 00102ddc40708NFICaRUCLbRUCLcStackd1977-05-14eHeffers and Sons.g2.50l0o338.91 MET V-1 1963r2016-06-20 00:00:00tC-7w2016-06-20yBK 00102ddc40708NFICaRUCLbRUCLcStackd1977-05-14eHeffers and Sons.g2.50l0o338.91 MET V-1 1962r2016-06-20 00:00:00tC-8w2016-06-20yBK 00102ddc40708NFICaRUCLbRUCLcStackd1977-05-14eHeffers and Sons.g2.50l0o338.91 MET V-1 1966r2016-06-20 00:00:00tC-9w2016-06-20yBK 00102ddc40708NFICaRUCLbRUCLcStackd1977-05-14eHeffers and Sons.g2.50l0o338.91 MET V-1 1962r2016-06-20 00:00:00tC-10 w2016-06-20yBK 00102ddc40708NFICaRUCLbRUCLcStackd1973-02-01eOxford University Pressg49.50l0o338.91 MET V-2 1966r2016-08-24 00:00:00tC-2w2016-08-24yBK 00102ddc40708NFICaRUCLbRUCLcStackd1973-02-01eOxford University Pressg49.50l0o338.91 MET V-2 1955r2016-08-24 00:00:00tC-3w2021-12-08yBK 00102ddc40708NFICaRUCLbRUCLcStackd1973-02-01eOxford University Pressg49.50l0o338.91 MET V-2 1966r2016-08-24 00:00:00tC-4w2016-08-24yBK 00102ddc40708NFICaRUCLbRUCLcStackd1973-02-01eOxford University Pressg49.50l0o338.91 MET V-2 1960r2016-08-24 00:00:00tC-5w2016-08-24yBK 00102ddc40708NFICaRUCLbRUCLcStackd1973-02-01eOxford University Pressg49.50l0o338.91 MET V-2 1961r2016-08-24 00:00:00tC-6w2016-08-24yBK